| 000 | 00903cad a22002055a 4500 | ||
|---|---|---|---|
| 001 | L154943 | ||
| 008 | 120207e20120206xxk f 000 0 eng d | ||
| 035 | _a(Sirsi) u154943 | ||
| 041 | 0 | _aeng | |
| 110 | 2 |
_aMarkit _95915 |
|
| 245 | 0 | 0 |
_aTotal construction activity increases for the first time in four months _h[electronic resource] |
| 260 | _c2012 | ||
| 490 |
_aMarkit News Release _v6 February 2012 |
||
| 520 | _aMarkit Germany Construction PMI key points are: building work up solidly in January on faster rise in residential activity; job creation accelerates to strongest for ten months; and incoming new orders again fall markedly. | ||
| 590 | _aKA | ||
| 651 | 4 |
_aGermany _y1990- |
|
| 690 |
_aConstruction management _96230 |
||
| 856 | 4 | 0 |
_uhttps://www.markiteconomics.com/MarkitFiles/Pages/ViewPressRelease.aspx?ID=9158 _zView this item free of charge at www.markiteconomics.com |
| 942 | _n0 | ||
| 999 |
_c113251 _d113251 |
||